Learning Resource and Development

The handbook of global outsourcing and offshoring / (Record no. 29831)

MARC details
000 -LEADER
fixed length control field 01777nam a2200313 i 4500
003 - CONTROL NUMBER IDENTIFIER
control field CSPC
005 - DATE AND TIME OF LATEST TRANSACTION
control field 20250722111958.0
008 - FIXED-LENGTH DATA ELEMENTS--GENERAL INFORMATION
fixed length control field 250722s2023 sz b 001 0 eng d
020 ## - INTERNATIONAL STANDARD BOOK NUMBER
International Standard Book Number 9783031120336
040 ## - CATALOGING SOURCE
Transcribing agency CSPC
Original cataloging agency CSPC
Language of cataloging eng
Description conventions rda
050 00 - LIBRARY OF CONGRESS CALL NUMBER
Classification number HD2365
Item number .O82 2023
082 00 - DEWEY DECIMAL CLASSIFICATION NUMBER
Classification number 658.4058
Item number Os46h
100 1# - MAIN ENTRY--PERSONAL NAME
Personal name Oshri, Ilan,
Relator term author.
245 14 - TITLE STATEMENT
Title The handbook of global outsourcing and offshoring /
Statement of responsibility, etc. Ilan Oshri, Julia Kotlarsky, and Leslie P. Willcocks.
250 ## - EDITION STATEMENT
Edition statement Fourth edition.
264 #1 - PRODUCTION, PUBLICATION, DISTRIBUTION, MANUFACTURE, AND COPYRIGHT NOTICE
Place of production, publication, distribution, manufacture Cham, Switzerland :
Name of producer, publisher, distributor, manufacturer Palgrave Macmillan,
Date of production, publication, distribution, manufacture, or copyright notice 2023.
300 ## - PHYSICAL DESCRIPTION
Extent xviii, 316 pages :
Other physical details illustrations ;
Dimensions 25 cm.
336 ## - CONTENT TYPE
Source rdacontent
Content type term text
337 ## - MEDIA TYPE
Source rdamedia
Media type term unmediated
338 ## - CARRIER TYPE
Source rdacarrier
Carrier type term volume
504 ## - BIBLIOGRAPHY, ETC. NOTE
Bibliography, etc. note Includes bibliographical references and index.
505 0# - FORMATTED CONTENTS NOTE
Formatted contents note Making a sourcing decision -- Overview of the global sourcing marketplace -- Traditional sourcing models -- Internet delivery sourcing models -- Country attractiveness for sourcing -- Building sourcing competencies -- Supplier configurations and capabilities -- Supplier configurations and capabilities -- Supplier selection, retained management capabilities, and legal issues -- Leveraging knowledge and expertise -- Managing sourcing relationships -- The IT outsourcing life cycle and the transition phase -- Governance of outsourcing projects -- Managing globally distributed teams -- Captive and shared service centres -- Innovation through outsourcing.
650 #0 - SUBJECT ADDED ENTRY--TOPICAL TERM
Topical term or geographic name entry element Offshore outsourcing.
650 #0 - SUBJECT ADDED ENTRY--TOPICAL TERM
Topical term or geographic name entry element Contracting out.
700 1# - ADDED ENTRY--PERSONAL NAME
Personal name Kotlarsky, Julia,
Relator term author.
700 1# - ADDED ENTRY--PERSONAL NAME
Personal name Willcocks, Leslie P.,
Relator term author.
942 ## - ADDED ENTRY ELEMENTS (KOHA)
Source of classification or shelving scheme Dewey Decimal Classification
Suppress in OPAC No
Koha item type Books
Classification part 658.4058
Item part Os46h
Call number prefix CIR
Call number suffix 2023
Holdings
Withdrawn status Lost status Source of classification or shelving scheme Damaged status Not for loan Home library Current library Shelving location Date acquired Total Checkouts Full call number Barcode Date last seen Copy number Price effective from Koha item type
    Dewey Decimal Classification     Main Library Main Library Circulation Section 07/22/2025   CIR 658.4058 Os46h 2023 029762 07/22/2025 1-1 07/22/2025 Books